| 000 | 00367nam a2200145Ia 4500 | ||
|---|---|---|---|
| 005 | 20250317163144.0 | ||
| 008 | 240331s9999 xx 000 0 und d | ||
| 082 |
_bJEG _a894 |
||
| 100 | _aJekatha, | ||
| 245 | 0 | _aKadavulai kathalitha kanniar | |
| 260 |
_aChennai _bRam Prasanth Publications _c2003 |
||
| 300 | _a80 p ., | ||
| 650 | _aKavithai Vilaka oorai | ||
| 942 | _cL | ||
| 999 |
_c3852 _d3852 |
||